Score 0/50 Timer 10:00
3 Plays Today
% Correct
Miley Cyrus
93.1%
Julia Roberts
89%
Halle Berry
88.2%
Cameron Diaz
88.1%
Cher
86.8%
Emma Watson
85%
Drew Barrymore
83%
Sandra Bullock
82.7%
Lindsay Lohan
81.9%
Mila Kunis
81.3%
Demi Moore
78.7%
Natalie Portman
78.2%
Emma Stone
76.8%
Penélope Cruz
74.9%
Catherine Zeta-Jones
72.2%
Dakota Fanning
70.4%
Liv Tyler
70%
Carrie Fisher
70%
Keira Knightley
67.9%
Scarlett Johansson
67.4%
Ariana Grande
66.9%
Farrah Fawcett
65.5%
Katie Holmes
63.7%
Jessica Biel
62.2%
Christina Ricci
58.7%
% Correct
Brooke Shields
58.3%
Sharon Stone
57.9%
Evan Rachel Wood
57.8%
Emma Thompson
54.7%
Daryl Hannah
52.1%
Winona Ryder
48.7%
Emma Roberts
48.1%
Melanie Griffith
47.4%
Heather Graham
46.2%
Isla Fisher
44.1%
Kim Basinger
42.2%
Hayden Panettiere
41.9%
Naomi Watts
37.9%
Heather Locklear
37.4%
Rene Russo
36.2%
Jessica Lange
33.8%
Evangeline Lilly
29.8%
Jaclyn Smith
29.2%
Kate Beckinsale
29%
Beverly D'Angelo
24.9%
Phoebe Cates
24.2%
Kate Mulgrew
21.2%
Victoria Principal
20.5%
Barbara Hershey
13.7%
Mary Ellen Trainor
1.8%
Remove Ads.
Support Sporcle.
Get the best of Sporcle when you Go Orange. This ad-free experience offers more features, more stats, and more fun while also helping to support Sporcle. Thank you for becoming a member.

You're not logged in!

Compare scores with friends on all Sporcle quizzes.
OR
Log In

Show Comments

Extras

Top Quizzes Today


Score Distribution

Your Account Isn't Verified!

In order to create a playlist on Sporcle, you need to verify the email address you used during registration. Go to your Sporcle Settings to finish the process.

Report this User

Report this user for behavior that violates our Community Guidelines.

Details: